000 00247nam a2200109Ia 4500
008 220204s9999 xx 000 0 und d
082 _a82-3
_bHUX;2
100 _aHuxley, Aldous
245 0 _aAntic hay
260 _aHerts
_bTriad
_c1977
942 _cBK
999 _c29363
_d29363